000 00665cab a2200277 4500
001 ABS47301
008 090401t1992 xxu||||| |||| 00| 0 eng d
035 _a(Sirsi) u61505
041 _aeng
100 _aTasker, F.
245 _aSouth Florida
260 _c1992
350 _a0
490 _aNational Real Estate Investor
_v34(10) September 1992, 83-99(7)
520 _aReview of commercial property in Southern Florida.
650 _aDADE
650 _aHOTELS
650 _aINDUSTRIAL
650 _aMIAMI
650 _aOFFICES
650 _aRENTS
650 _aUSA
690 _aOVERSEAS-NORTH AMERICA
942 _n0
948 _c04/03/1997
999 _c38120
_d38120